000 00657nam a22001817a 4500
003 UA-OsUOA
001 15549
007 ta
008 20031117b un ||||| |||| 00| 0 ukr d
100 _aБертоза Й.
942 _cSA
040 _aUA-OsUOA
_cUA-OsUOA
_dUA-OsUOA
245 _a"В&В" - італійська кава європейської якості: Йосип Бертоза відкрив у Рівному нову сторінку українського ринку кави
300 _aС.6,16
955 _a0
773 0 _w0
_tІмідж
_dРівне
_d2003
_g№11/черв./
650 7 _aВиробництво кави
_2UDC
999 _c301714
_d301714